| 000 | 00838nam a2200265Ia 4500 | ||
|---|---|---|---|
| 003 | OSt | ||
| 005 | 20251106124500.0 | ||
| 008 | 210210b2006 xxu||||| |||| 00| 0 eng d | ||
| 020 | _a8177131427 | ||
| 040 | _cAL | ||
| 041 | _aKannada | ||
| 082 | _a398.32K GOVP | ||
| 100 |
_aGOVINDARAJU (T) _dಗೋವಿಂದರಾಜು ಟಿ. _9244316 |
||
| 245 |
_aPrachya janapada: Hosa parikalpaneyondara shodhana _bಪ್ರಾಚ್ಯ ಜಾನಪದ - ಹೊಸ ಪರಿಕಲ್ಪನೆಯೊಂದರ ಶೋಧನ |
||
| 260 |
_aBengaluru _bKannada Pustaka Pradikara _c2006 |
||
| 300 | _a103 | ||
| 650 |
_ashodhana _9244317 |
||
| 650 |
_aPrachya _9244318 |
||
| 650 |
_aparikalpaneyondara _9244319 |
||
| 650 |
_ajanapada _9244320 |
||
| 650 |
_aHosa _9244321 |
||
| 690 |
_aFolklore _9244322 |
||
| 906 | _a062127 | ||
| 942 |
_2ddc _cBK |
||
| 999 |
_c116812 _d116812 |
||